التحكيم : (رقم التسجيلة. 232938)
[ عرض عادي ]
| 000 -الفاتح | |
|---|---|
| عناصر البيانات ثابتة الطول | 00937cam a2200205 i 4500 |
| 005 - تاريخ ووقت آخر معاملة | |
| حقل ضبط | 20260125094624.0 |
| 008 - عناصر البيانات ثابتة الطول | |
| عناصر البيانات ثابتة الطول | 250721s1982 xx gr 000 0 ara d |
| 082 14 - رقم تصنيف ديوي العشري | |
| رقم التصنيف | 341.55 |
| رقم المادة | ع ب ا |
| 100 1# - مدخل رئيسي – اسم شخصي | |
| الاسم الشخصي | عباس، عبد الهادي |
| علاقة الشخص بالعمل/ دوره | مؤلف. |
| 245 12 - بيان العنوان | |
| العنوان | التحكيم : |
| بقية العنوان | التحكيم الإختياري - التحكيم الإلزامي - التحكيم في المنازعات الدولية - التحكيم في التجارة الدولية / |
| بيان المسؤولية | تأليف المحامي الاستاذ عبد الهادي عباس، الاستاذ جهاد هواش. |
| 250 ## - بيان الطبعة | |
| بيان الطبعة | الطبعة الاولى. |
| 264 31 - بيانات النشر، التوزيع…إلخ | |
| اسم الناشر، الموزع...إلخ | الفكر القضائي للنشر، |
| تاريخ النشر، التوزيع...إلخ | 1982. |
| مكان النشر، التوزيع...إلخ | [غير معرف]، |
| 300 ## - الوصف المادي | |
| عدد الوحدات المكونة للوعاء | 586 صفحة. |
| 650 17 - مدخل إضافي بالموضوع - مصطلح موضوعي | |
| مصطلح موضوعي أو اسم جغرافي كعنصر مدخل | التحكيم. |
| 650 17 - مدخل إضافي بالموضوع - مصطلح موضوعي | |
| مصطلح موضوعي أو اسم جغرافي كعنصر مدخل | قواعد التحكيم. |
| 650 17 - مدخل إضافي بالموضوع - مصطلح موضوعي | |
| مصطلح موضوعي أو اسم جغرافي كعنصر مدخل | التحكيم الدولي. |
| 700 1# - مدخل إضافي - اسم شخصي | |
| الاسم الشخصي | هواش، جهاد |
| علاقة الشخص بالعمل/ دوره | مؤلف. |
| 942 ## - بيانات إضافية (كوها) | |
| نوع التنصيف | Dewey Decimal Classification |
| نوع المادة (كوها) | كتب |
| حالة السحب | حالة الفقدان | مصدر التصنيف | حالة التلف | غير قابل للإعارة | المكتبة الرئيسية | المكتبة الحالية | موقع الرف | تاريخ التزويد | العملة | الرقم المتسلسل | Total Checkouts | رقم الإستدعاء | الباركود | تاريخ آخر ظهور | تاريخ الفاتورة | نوع المادة (كوها) |
|---|---|---|---|---|---|---|---|---|---|---|---|---|---|---|---|---|
| Dewey Decimal Classification | المكتبة المركزية | المكتبة المركزية | الإعارة | 25/01/2026 | JOD | 1035423 | 341.55 / ع ب ا | 1035423 | 25/01/2026 | 25/01/2026 | كتب |